000 00371nam a2200157Ia 4500
003 OSt
005 20240315152421.0
008 170619s9999 xx 000 0 und d
040 _cIIMT ENGINEERING COLLEGE
100 _aSingh- Sadhu
245 0 _aFundamentals of machine drawing
260 _bNew Delhi: PHI
260 _c2003
546 _aENGLISH
942 _2ddc
_c01
999 _c17774
_d17774